|
LDR
| 01975nam a2200541 i 4500 |
|---|
| 001 | 23412 |
|---|
| 003 | CZ-PrJAB |
|---|
| 005 | 20151216094830.0 |
|---|
| 007 | ta |
|---|
| 008 | 150423s2015 xr a e f 000 0 cze |
|---|
| 015 | | . |
‡acnb002695783 |
|---|
| 020 | | . |
‡a978-80-262-0818-1
‡q(brožováno) |
|---|
| 035 | | . |
‡a(CZ PrNK)nkc20152695783 |
|---|
| 035 | | . |
‡a(OCoLC)918010120 |
|---|
| 040 | | . |
‡aABA001
‡bcze
‡dOLA001
‡erda |
|---|
| 041 | 1 | . |
‡acze
‡hslo |
|---|
| 072 | | 7. |
‡a373.2/.3
‡xPředškolní a primární výchova a vzdělávání
‡2Konspekt
‡922 |
|---|
| 080 | | . |
‡a373.2
‡2MRF |
|---|
| 080 | | . |
‡a371.214
‡2MRF |
|---|
| 080 | | . |
‡a5
‡2MRF |
|---|
| 080 | | . |
‡a371.314.6:159.955
‡2MRF |
|---|
| 080 | | . |
‡a37.013
‡2MRF |
|---|
| 080 | | . |
‡a(072)
‡2MRF |
|---|
| 100 | 1 | . |
‡aRochovská, Ivana
‡7ola2015876883
‡4aut |
|---|
| 245 | 1 | 0. |
‡aVědci v mateřské škole :
‡baktivity pro malé badatele /
‡cIvana Rochovská, Dagmar Krupová ; ze slovenštiny přeložila Michaela Škultéty |
|---|
| 250 | | . |
‡aVydání první |
|---|
| 264 | | 1. |
‡aPraha :
‡bPortál,
‡c2015 |
|---|
| 300 | | . |
‡a133 stran :
‡bbarevné ilustrace ;
‡c23 cm |
|---|
| 336 | | . |
‡atext
‡btxt
‡2rdacontent |
|---|
| 337 | | . |
‡abez média
‡bn
‡2rdamedia |
|---|
| 338 | | . |
‡asvazek
‡bnc
‡2rdacarrier |
|---|
| 504 | | . |
‡aObsahuje bibliografii |
|---|
| 650 | 0 | 7. |
‡apředškolní výchova
‡7ph124887
‡2czenas |
|---|
| 650 | 0 | 7. |
‡avzdělávací programy
‡7ph127309
‡2czenas |
|---|
| 650 | 0 | 7. |
‡apřírodní vědy
‡7ph115999
‡2czenas |
|---|
| 650 | 0 | 7. |
‡abadatelsky orientovaná výuka
‡7ph862593
‡2czenas |
|---|
| 650 | 0 | 7. |
‡akonstruktivistická pedagogika
‡7ph114972
‡2czenas |
|---|
| 650 | 0 | 9. |
‡apreschool education
‡2eczenas |
|---|
| 650 | 0 | 9. |
‡aeducational programs
‡2eczenas |
|---|
| 650 | 0 | 9. |
‡anatural sciences
‡2eczenas |
|---|
| 650 | 0 | 9. |
‡aenquiry-based instruction
‡2eczenas |
|---|
| 650 | 0 | 9. |
‡aconstructivist education
‡2eczenas |
|---|
| 655 | | 7. |
‡ametodické příručky
‡7fd132826
‡2czenas |
|---|
| 655 | | 9. |
‡amethodological manuals
‡2eczenas |
|---|
| 700 | 1 | . |
‡aKrupová, Dagmar,
‡d1961-
‡7ola2015876896
‡4aut |
|---|
| 700 | 1 | . |
‡aŠkultéty, Michaela,
‡d1972-
‡7mzk2003188779
‡4trl |
|---|
| 910 | | . |
‡aABG312 |
|---|
| 901 | | . |
‡a23412
‡b
‡c23412
‡tbiblio |
|---|